Power hungry (Record no. 78714)
[ view plain ]
| 000 -LEADER | |
|---|---|
| fixed length control field | 01410cab a22002535a 4500 |
| 001 - CONTROL NUMBER | |
| control field | L137798 |
| 008 - FIXED-LENGTH DATA ELEMENTS--GENERAL INFORMATION | |
| fixed length control field | 070501e20070420xxk f g 000 0 eng d |
| 035 ## - SYSTEM CONTROL NUMBER | |
| System control number | (Sirsi) u137798 |
| 041 0# - LANGUAGE CODE | |
| Language code of text/sound track or separate title | eng |
| 100 1# - MAIN ENTRY--PERSONAL NAME | |
| Personal name | Thornton, Justine |
| 245 00 - TITLE STATEMENT | |
| Title | Power hungry |
| 260 ## - PUBLICATION, DISTRIBUTION, ETC. | |
| Date of publication, distribution, etc. | 2007 |
| 490 #0 - SERIES STATEMENT | |
| Series statement | Solicitors' Journal |
| Volume/sequential designation | 151(15) 20 April 2007, 496-497(2) |
| 520 ## - SUMMARY, ETC. | |
| Summary, etc. | Planning article considers the developing area of law regarding the legality of consultation processes. Takes the recent example of R (Greenpeace Ltd) v Secretary of State for Trade and Industry. In that case, Greenpeace claimed that an express promise to consult them in a White Paper had not been kept. Addresses the relevance of the timing of consultations and level of information, particularly with regard to new information coming to light during the consultation process. Underlines the need of the judiciary to stay separate from national policy matters. Suggests the environmental and planning fields move to an enquiry-style consultation process with oral representations and witness cross-examinations. |
| 590 ## - LOCAL NOTE (RLIN) | |
| Local note | KA |
| 650 24 - SUBJECT ADDED ENTRY--TOPICAL TERM | |
| Topical term or geographic name entry element | R V SOS TRADE AND INDUSTRY |
| 650 24 - SUBJECT ADDED ENTRY--TOPICAL TERM | |
| Topical term or geographic name entry element | R V BRENT LBC EX P GUNNING |
| 650 24 - SUBJECT ADDED ENTRY--TOPICAL TERM | |
| Topical term or geographic name entry element | R V NORTH & EAST DEVON HA EX P COUGHLAN |
| 650 24 - SUBJECT ADDED ENTRY--TOPICAL TERM | |
| Topical term or geographic name entry element | EDWARDS V ENVIRONMENT AGENCY |
| 651 #4 - SUBJECT ADDED ENTRY--GEOGRAPHIC NAME | |
| Geographic name | England and Wales |
| Chronological subdivision | 1543- |
| 690 ## - LOCAL SUBJECT ADDED ENTRY--TOPICAL TERM (OCLC, RLIN) | |
| Topical term or geographic name as entry element | Planning and development |
| 9 (RLIN) | 6259 |
| 700 1# - ADDED ENTRY--PERSONAL NAME | |
| Personal name | Edwards, Martin |
| 942 ## - ADDED ENTRY ELEMENTS (KOHA) | |
| Suppress in OPAC | 0 |
| Withdrawn status | Lost status | Source of classification or shelving scheme | Damaged status | Not for loan | Home library | Current library | Shelving location | Date acquired | Total Checkouts | Full call number | Barcode | Date last seen | Copy number | Price effective from | Koha item type |
|---|---|---|---|---|---|---|---|---|---|---|---|---|---|---|---|
| Dewey Decimal Classification | London | London | Journal article | 01/05/2007 | L137798 | 137798-1001 | 06/08/2019 | 1 | 06/08/2019 | Journal article |